[Event "Munich-ch VM2"]
[Site "Munich"]
[Date "2006.02.05"]
[Round "6"]
[White "Schaffranietz, Horst"]
[Black "Erhart, Tristan"]
[Result "1-0"]
[WhiteElo "1964"]
[BlackElo "1903"]
[PlyCount "41"]
[EventDate "2006.01.20"]
[EventType "tourn"]
[EventRounds "9"]
[EventCountry "GER"]
[SourceTitle "EXT 2007"]
[Source "ChessBase"]
[SourceDate "2006.11.23"]
[SourceVersion "1"]
[SourceVersionDate "2006.11.23"]
[SourceQuality "1"]

1. e4 Nc6 2. d4 d5 3. exd5 Qxd5 4. Nf3 Bg4 5. Be2 0-0-0 6. c4 Qh5 7. Be3 e5 8. d5 Bb4+ 9. Nbd2 e4 10. dxc6 exf3 11. cxb7+ Kb8 12. gxf3 Bxd2+ 13. Bxd2 Bh3 14. Qa4 Rxd2 15. Kxd2 Nf6 16. Rhd1 Qg5+ 17. Kc2 Re8 18. Bd3 Qc5 19. Be4 Nxe4 20. Qxe8+ Kxb7 21. Qxe4+ 1-0